Database Management Systems(RDBMS)/ (Record no. 167573)

MARC details
000 -LEADER
fixed length control field 00694nam a22002057a 4500
005 - DATE AND TIME OF LATEST TRANSACTION
control field 20190912144832.0
010 ## - LCCN (DPL NO)
LC control number ENG-126457
020 ## - INTERNATIONAL STANDARD BOOK NUMBER
Terms of availability 234.00
International Standard Book Number 978-93-83640-88-1
035 ## - SYSTEM CONTROL NUMBER
System control number EN-109989
037 ## - SOURCE OF ACQUISITION
Source of stock number/acquisition DBAD/PUB
082 ## - DEWEY DECIMAL CLASSIFICATION NUMBER
Classification number 005.74
100 ## - MAIN ENTRY--PERSONAL NAME
Personal name Murali,D
245 ## - TITLE STATEMENT
Title Database Management Systems(RDBMS)/
Statement of responsibility, etc by D.Murali,B.Ramaganesh [and] K.Sowmya
260 ## - PUBLICATION, DISTRIBUTION, ETC. (IMPRINT)
Place of publication, distribution, etc Hyderabad
Name of publisher, distributor, etc Specturm University
Date of publication, distribution, etc 2018
270 ## - ADDRESS
City Hyderabad
Address #326/C,1st Floor,Surneni Nilayam Near B K Guda Park,S R Nagar
Postal code 500038
Telephone number ++91 40 23710657,238000657
Fax number +91 40 23810657
300 ## - PHYSICAL DESCRIPTION
Extent 284p.
Dimensions 24cm(pbk)
Other physical details ill
700 ## - ADDED ENTRY--PERSONAL NAME
Personal name Ramganesh,B
700 ## - ADDED ENTRY--PERSONAL NAME
Personal name Sowmya,K
942 ## - ADDED ENTRY ELEMENTS (KOHA)
Source of classification or shelving scheme Dewey Decimal Classification
Item type English Books
Classification part 005.74
Call number suffix MUR
Holdings
Withdrawn status Lost status Not for loan Collection code Home library Current library Date acquired Source of acquisition Cost, normal purchase price Full call number Barcode Copy number Cost, replacement price Koha item type
      Non-fiction Bawana Bawana 12/09/2019 DBAD/PUB 234.00 005.74 MUR EN-109989 1 234.00 English Books

© Delhi Public Library
Hit Counter
free hit counter